Word Ladder: Fire Arms Quiz Stats

 Plays Quiz Updated Oct 13, 2012

Support Sporcle.
Go Orange.
Score 0/12 Timer 01:30
0 Plays Today
Clue 3-Letter Word % Correct
★ Term for a firearm ★★ GUN ★
98.5%
Biggest sports enthusiastFAN
96%
Rotund or portlyFAT
93.1%
Band that sings 'Some Nights' and 'We Are Young'FUN.
91.6%
One-quarter of a nibbleBIT
81.1%
A life story, for shortBIO
74.3%
Common conjunctionBUT
73.6%
Kanga's little kidROO
68.7%
2011 bird-based animated filmRIO
68.1%
★ Term for a firearm ★★ GAT ★
66.6%
Stomach of someone who is [Rung 4]GUT
64.7%
★ Term for a firearm ★★ ROD ★
33.5%

Today's Daily Dose

Word Ladder
ING Words

Get the Picture
Nearest Volcano

From the Vault

Farthest Apart Neighbours

by Onno

They say that fences make good neighbours, so do many many miles.
Remove Ads.
Support Sporcle.
Get the best of Sporcle when you Go Orange. This ad-free experience offers more features, more stats, and more fun while also helping to support Sporcle. Thank you for becoming a member.

Show Comments

Extras

Top Quizzes Today


Score Distribution

Your Account Isn't Verified!

In order to create a playlist on Sporcle, you need to verify the email address you used during registration. Go to your Sporcle Settings to finish the process.

Report this User

Report this user for behavior that violates our Community Guidelines.

Details: